| 000 | 00923nas a2200301 4500 | ||
|---|---|---|---|
| 001 | BR9203478 | ||
| 003 | BR-BrBNA | ||
| 005 | 20231205092642.0 | ||
| 007 | ta | ||
| 008 | 230509b bl.|||p| |||| 00| 00por d | ||
| 040 |
_aBR-BrBNA _bpor _cBiblioteca Nacional de Agricultura |
||
| 041 | _a(Pt) | ||
| 072 | _aL73 | ||
| 100 | 1 | _aPizzol, M.D. | |
| 100 | 1 | _aRavazzolo, A.P. | |
| 100 | 1 | _aGoncalves, I.P.D. | |
| 100 | 1 | _aHotzel, I. | |
| 100 | 1 | _aFernandes, J.C.T. | |
| 100 | 1 | _aMoojen, V. | |
| 245 | 1 | _aMaedi-visna: evidencia de ovinos infectados no Rio Grande do Sul, Brasil, 1987-1989 | |
| 650 | _aOVINO | ||
| 650 | _aVIRUS | ||
| 650 | _aDIAGNOSTICO | ||
| 650 | _aRIO GRANDE DO SUL | ||
| 773 | 0 |
_tArquivos da Faculdade de Veterinaria da Universidade Federal do Rio Grande do Sul (Brazil) _x(Pt) _g(Dec 1982-1983), v. 17 p. 65-76 _wBR9203478 |
|
| 909 |
_a202311 _bLúcia _c55 _dLúcia Elande |
||
| 942 |
_2AGRIS _n0 _cANA |
||
| 999 |
_c133158 _d133158 |
||